[Event "Czech Open GM 2019"]
[Site "Pardubice"]
[Date "2019.07.24"]
[Round "6.51"]
[White "Shpanko, Nadiia"]
[Black "Vokac, Marek"]
[Result "1/2-1/2"]
[WhiteElo "2132"]
[BlackElo "2316"]
[Annotator "TA"]
[PlyCount "137"]
[EventDate "2019.07.19"]
[EventType "swiss"]
[EventCountry "CZE"]
[SourceTitle "playchess.com"]
[Source "ChessBase"]
[SourceQuality "1"]

1. e4 g6 2. d4 Bg7 3. Nf3 d6 4. Bc4 a6 5. O-O b5 6. Bb3 e6 7. a4 b4 8. a5 Ne7 9. Be3 Nd7 10. Nbd2 O-O 11. Qe2 c5 12. dxc5 Nxc5 13. Bd4 Nxb3 14. Nxb3 Bb7 15. Rad1 Qc7 16. Bxg7 Kxg7 17. Qd3 Rfd8 18. Qd4+ e5 19. Qxb4 Rab8 20. Rd2 Bd5 21. Qa4 Bxb3 22. cxb3 Rb5 23. Rfd1 d5 24. exd5 Rbxd5 25. Rxd5 Rxd5 26. b4 e4 27. Ne1 Qc4 28. Rxd5 Nxd5 29. Qd1 Nxb4 30. g3 h5 31. Qd2 Nc6 32. Nc2 Qd3 33. Qc3+ Qxc3 34. bxc3 Nxa5 35. Nb4 Kf6 36. Nxa6 Ke5 37. Kf1 g5 38. h3 f5 39. Ke2 Nc4 40. Nb4 f4 41. gxf4+ gxf4 42. f3 Kf5 43. fxe4+ Kxe4 44. Nc2 f3+ 45. Kf2 Nb2 46. Kf1 Kf4 47. h4 Nc4 48. Kf2 Nd2 49. Ke1 Ne4 50. c4 Kg3 51. Ne3 Kxh4 52. c5 Kg3 53. c6 Kf4 54. Nd5+ Kg3 55. Ne3 Nd6 56. Nf1+ Kg2 57. Ne3+ Kg1 58. c7 h4 59. Ng4 h3 60. Nf2 Kg2 61. Nd3 h2 62. Nf2 Nc8 63. Nh1 Ne7 64. Nf2 Nc8 65. Nh1 Nd6 66. Nf2 Nc8 67. Nh1 Kxh1 68. Kf2 Nd6 69. Kf1 1/2-1/2

[Event "Czech Open GM 2019"]
[Site "Pardubice"]
[Date "2019.07.24"]
[Round "6.52"]
[White "Simacek, Pavel"]
[Black "Kim, Andrey"]
[Result "1-0"]
[WhiteElo "2490"]
[BlackElo "2048"]
[Annotator "RC"]
[PlyCount "77"]
[EventDate "2019.07.19"]
[EventType "swiss"]
[EventCountry "CZE"]
[SourceTitle "playchess.com"]
[Source "ChessBase"]
[SourceQuality "1"]

1. e4 c6 2. d4 d5 3. exd5 cxd5 4. c4 Nf6 5. Nc3 g6 6. Qb3 Bg7 7. cxd5 O-O 8. Nge2 a5 9. Nf4 a4 10. Nxa4 g5 11. Nd3 Nxd5 12. Nc3 e6 13. Ne5 Nc6 14. Nxc6 bxc6 15. Be2 Bxd4 16. O-O Bg7 17. Rd1 h6 18. Ne4 Ba6 19. Bxa6 Rxa6 20. a3 Qb8 21. Qc2 Rb6 22. Ra2 Rd8 23. g3 Qa8 24. b4 Ra6 25. Qd3 Rc8 26. Rc2 Ra7 27. Qf3 Rcc7 28. Rd3 Qf8 29. Rc4 Be5 30. Nc5 Qg7 31. h4 Re7 32. hxg5 hxg5 33. Qh5 f6 34. Nxe6 Rxe6 35. Rxd5 Bc7 36. Rxc6 Rxc6 37. Qe8+ Kh7 38. Qxc6 Bxg3 39. Qc2+ 1-0

[Event "Czech Open GM 2019"]
[Site "Pardubice"]
[Date "2019.07.25"]
[Round "7.1"]
[White "Movsesian, Sergei"]
[Black "Demidov, Mikhail"]
[Result "1/2-1/2"]
[WhiteElo "2649"]
[BlackElo "2546"]
[Annotator "TA"]
[PlyCount "27"]
[EventDate "2019.07.19"]
[EventType "swiss"]
[EventCountry "CZE"]
[SourceTitle "playchess.com"]
[Source "ChessBase"]
[SourceQuality "1"]

1. e4 g6 2. d4 Bg7 3. Nc3 a6 4. h4 h5 5. Nh3 d6 6. Ng5 Nf6 7. Be2 Nc6 8. d5 Ne5 9. a4 c6 10. O-O O-O 11. a5 cxd5 12. exd5 b5 13. axb6 Qxb6 14. Na4 1/2-1/2

[Event "Czech Open GM 2019"]
[Site "Pardubice"]
[Date "2019.07.25"]
[Round "7.1"]
[White "Gavrilescu, David"]
[Black "Jasny, Stanislav"]
[Result "1-0"]
[WhiteElo "2473"]
[BlackElo "2345"]
[Annotator "ChessBase"]
[PlyCount "85"]
[EventDate "2019.07.19"]
[EventType "swiss"]
[EventCountry "CZE"]
[SourceTitle "playchess.com"]
[Source "ChessBase"]
[SourceQuality "1"]

1. e4 g6 2. d4 Bg7 3. Nf3 d6 4. Bd3 e5 5. c3 Nc6 6. h3 Nf6 7. O-O O-O 8. Re1 h6 9. Na3 Nh5 10. Be3 a6 11. Nc2 Qf6 12. b4 Nf4 13. Bxf4 Qxf4 14. a4 h5 15. Ne3 exd4 16. Nd5 Qh6 17. Nxc7 Ra7 18. b5 axb5 19. Nxb5 dxc3 20. Nxa7 Nxa7 21. Bc4 c2 22. Qxc2 Bxa1 23. Rxa1 Nc6 24. Rd1 Qf4 25. Qd3 Ne5 26. Qxd6 Nxf3+ 27. gxf3 Qxd6 28. Rxd6 Kg7 29. Bd5 Bxh3 30. Bxb7 Rb8 31. Bd5 Be6 32. Bxe6 fxe6 33. a5 Kf6 34. a6 Rb1+ 35. Kg2 Ra1 36. f4 Ra3 37. f3 Ra2+ 38. Kg3 g5 39. fxg5+ Kxg5 40. Rxe6 h4+ 41. Kh3 Ra3 42. Re5+ Kg6 43. Rf5 1-0

[Event "Czech Open GM 2019"]
[Site "Pardubice"]
[Date "2019.07.25"]
[Round "7.2"]
[White "Potapov, Pavel"]
[Black "Laznicka, Viktor"]
[Result "0-1"]
[WhiteElo "2485"]
[BlackElo "2658"]
[Annotator "TA"]
[PlyCount "120"]
[EventDate "2019.07.19"]
[EventType "swiss"]
[EventCountry "CZE"]
[SourceTitle "playchess.com"]
[Source "ChessBase"]
[SourceQuality "1"]

1. e4 c6 2. d4 d5 3. e5 Bf5 4. h4 h5 5. Bd3 Bxd3 6. Qxd3 e6 7. Nf3 c5 8. dxc5 Bxc5 9. O-O Nc6 10. a3 Nge7 11. c4 Rc8 12. Nc3 dxc4 13. Qxc4 Nd4 14. Nxd4 Bxd4 15. Qa4+ Nc6 16. Nb5 Bxe5 17. Nxa7 Ra8 18. Nxc6 Rxa4 19. Nxd8 Kxd8 20. g3 Rc4 21. Re1 f6 22. Re2 Ke7 23. Be3 Rhc8 24. f4 Bd6 25. Kf2 e5 26. fxe5 fxe5 27. Rd1 Ke6 28. Kf3 R8c6 29. Bf4 Rb6 30. Rd3 Rb5 31. Kg2 Rd5 32. Rf3 b5 33. Bg5 Rd1 34. Rb3 Rd5 35. Rf3 Rdc5 36. Rb3 e4 37. Rbe3 Kd5 38. Kh3 Rd4 39. Kg2 Rcc4 40. Bf4 Bxf4 41. gxf4 Rd3 42. Kf2 Rcd4 43. b3 Rxe3 44. Rxe3 Rd2+ 45. Ke1 Rh2 46. Rg3 Kd4 47. f5 e3 48. Rxg7 Kd3 49. Rd7+ Ke4 50. Kd1 Kf3 51. f6 e2+ 52. Kd2 Kf2 53. Re7 Kf1 54. Kd3 e1=Q 55. Rxe1+ Kxe1 56. Ke4 Rxh4+ 57. Ke5 Rh2 58. a4 bxa4 59. bxa4 h4 60. a5 h3 0-1

[Event "Czech Open GM 2019"]
[Site "Pardubice"]
[Date "2019.07.25"]
[Round "7.2"]
[White "Nurkiewicz, Maciej"]
[Black "Gutman, Gennadi"]
[Result "1/2-1/2"]
[WhiteElo "2334"]
[BlackElo "2466"]
[Annotator "ChessBase"]
[PlyCount "84"]
[EventDate "2019.07.19"]
[EventType "swiss"]
[EventCountry "CZE"]
[SourceTitle "playchess.com"]
[Source "ChessBase"]
[SourceQuality "1"]

1. e4 c5 2. Nf3 Nc6 3. d4 cxd4 4. Nxd4 Nf6 5. Nc3 e5 6. Ndb5 d6 7. Bg5 a6 8. Na3 b5 9. Nd5 Be7 10. Bxf6 Bxf6 11. c3 Bg5 12. Nc2 Rb8 13. a4 bxa4 14. Ncb4 Nxb4 15. Nxb4 Bd7 16. Bxa6 Qa5 17. Qe2 Rxb4 18. cxb4 Qxb4+ 19. Kf1 O-O 20. h4 Bd8 21. Kg1 Bb6 22. Kh2 Bd4 23. Rhb1 Rb8 24. Bc4 Bxb2 25. Ra2 a3 26. Bd5 Be6 27. Qd3 Bxd5 28. Qxd5 g6 29. Rd1 Rc8 30. h5 Qc5 31. Kg3 Qc2 32. h6 Rd8 33. Qa5 Qc8 34. Rd3 Qd7 35. Raxa3 Bxa3 36. Qxa3 Qe7 37. Qc1 f5 38. f3 fxe4 39. fxe4 Rf8 40. Rf3 Rxf3+ 41. gxf3 Kf7 42. Qc4+ Qe6 1/2-1/2

[Event "Czech Open GM 2019"]
[Site "Pardubice"]
[Date "2019.07.25"]
[Round "7.3"]
[White "Basso, Pier Luigi"]
[Black "Kozak, Adam"]
[Result "0-1"]
[WhiteElo "2559"]
[BlackElo "2475"]
[Annotator "ChessBase"]
[PlyCount "126"]
[EventDate "2019.07.19"]
[EventType "swiss"]
[EventCountry "CZE"]
[SourceTitle "playchess.com"]
[Source "ChessBase"]
[SourceQuality "1"]

1. d4 Nf6 2. c4 e6 3. Nf3 d5 4. Nc3 Nbd7 5. Bg5 c6 6. e3 Qa5 7. Nd2 Bb4 8. Qc2 O-O 9. Be2 e5 10. dxe5 Ne4 11. Ncxe4 dxe4 12. Rd1 Nxe5 13. O-O Bxd2 14. Qxd2 Qxd2 15. Rxd2 Be6 16. b3 Ng6 17. h4 h6 18. h5 hxg5 19. hxg6 f5 20. Rfd1 Rae8 21. c5 Rf6 22. Bc4 Kf8 23. Bxe6 Rfxe6 24. Rd7 R8e7 25. Rd8+ Re8 26. g4 f4 27. R1d7 R6e7 28. Kf1 Rxd7 29. Rxd7 Re7 30. Rd8+ Re8 31. Rd7 Re7 32. Rd6 Re5 33. b4 fxe3 34. fxe3 Ke7 35. Ke2 Re6 36. Rd4 Rxg6 37. Rxe4+ Re6 38. Rd4 Rh6 39. Kf3 Rh3+ 40. Ke4 Rg3 41. Kd3 Rg2 42. a4 a6 43. Re4+ Kd7 44. Kc3 Rg1 45. Kc2 Rg2+ 46. Kd3 Ra2 47. a5 Rg2 48. Kc3 Rg1 49. Kc2 Rg3 50. Kd2 Rg2+ 51. Kd3 Kd8 52. Kd4 Kd7 53. Ke5 Rf2 54. Rd4+ Ke7 55. Rd6 Rb2 56. Rg6 Kf7 57. Rxg5 g6 58. Kf4 Rxb4+ 59. e4 Rc4 60. Kf3 Rc1 61. Re5 Ra1 62. Kf4 Rxa5 63. Rg5 Ra4 0-1

[Event "Czech Open GM 2019"]
[Site "Pardubice"]
[Date "2019.07.25"]
[Round "7.3"]
[White "Domogaev, Sergey"]
[Black "Cernousek, Lukas"]
[Result "0-1"]
[WhiteElo "2332"]
[BlackElo "2451"]
[Annotator "ChessBase"]
[PlyCount "80"]
[EventDate "2019.07.19"]
[EventType "swiss"]
[EventCountry "CZE"]
[SourceTitle "playchess.com"]
[Source "ChessBase"]
[SourceQuality "1"]

1. d4 Nf6 2. c4 c5 3. d5 e6 4. Nc3 exd5 5. cxd5 d6 6. e4 g6 7. f4 Bg7 8. Bb5+ Nfd7 9. Nf3 a6 10. Bd3 b5 11. O-O O-O 12. a3 Re8 13. Kh1 c4 14. Bc2 Nc5 15. f5 Nbd7 16. Bg5 Bf6 17. h4 Bxg5 18. Nxg5 Ne5 19. Qe1 h6 20. Nh3 Kh8 21. Qe3 Kh7 22. fxg6+ fxg6 23. Rf4 Bxh3 24. Qxh3 Rf8 25. Raf1 Rxf4 26. Rxf4 Qd7 27. Qe3 Qg7 28. Rf1 Rf8 29. Rf4 h5 30. g3 Rf6 31. Kg2 Qf7 32. Nd1 Ng4 33. Qf3 Nd7 34. Rxf6 Qxf6 35. Qf4 Kg7 36. Kf3 Nde5+ 37. Ke2 Qd8 38. Nf2 Qb6 39. Nh3 Qd4 40. Qc1 Nd3 0-1

[Event "Czech Open GM 2019"]
[Site "Pardubice"]
[Date "2019.07.25"]
[Round "7.4"]
[White "Stocek, Jiri"]
[Black "Kacharava, Nikolozi"]
[Result "1/2-1/2"]
[WhiteElo "2556"]
[BlackElo "2431"]
[Annotator "TA"]
[PlyCount "75"]
[EventDate "2019.07.19"]
[EventType "swiss"]
[EventCountry "CZE"]
[SourceTitle "playchess.com"]
[Source "ChessBase"]
[SourceQuality "1"]

1. d4 d5 2. Nf3 Nf6 3. c4 dxc4 4. Nc3 a6 5. e4 b5 6. e5 Nd5 7. a4 Nxc3 8. bxc3 Qd5 9. g3 Bb7 10. Bg2 Qd7 11. Ba3 g6 12. O-O Bg7 13. Re1 Bd5 14. e6 fxe6 15. Ng5 Bf6 16. Nxe6 Bxe6 17. Bxa8 c6 18. Rxe6 Qxe6 19. axb5 axb5 20. d5 Qxd5 21. Qxd5 cxd5 22. Bxd5 Bxc3 23. Rb1 b4 24. Bxb4 Bxb4 25. Rxb4 Kd7 26. Rxc4 e6 27. Bf3 Kd6 28. Kg2 Nd7 29. Rc6+ Ke5 30. Be2 Rd8 31. Rc7 Kf6 32. Bb5 Nf8 33. h4 h5 34. Rb7 Rc8 35. Kf3 Rc3+ 36. Ke4 Rb3 37. Bc6 Rxb7 38. Bxb7 1/2-1/2

[Event "Czech Open GM 2019"]
[Site "Pardubice"]
[Date "2019.07.25"]
[Round "7.5"]
[White "Gagare, Shardul"]
[Black "Deepan Chakkravarthy J."]
[Result "1/2-1/2"]
[WhiteElo "2476"]
[BlackElo "2532"]
[Annotator "TA"]
[PlyCount "164"]
[EventDate "2019.07.19"]
[EventType "swiss"]
[EventCountry "CZE"]
[SourceTitle "playchess.com"]
[Source "ChessBase"]
[SourceQuality "1"]

1. Nf3 e6 2. g3 b6 3. c4 Bb7 4. Bg2 c5 5. O-O Nf6 6. Nc3 Be7 7. d4 cxd4 8. Qxd4 O-O 9. Rd1 Nc6 10. Qf4 h6 11. b3 Qb8 12. Qxb8 Raxb8 13. Bf4 Rbc8 14. Bd6 Bxd6 15. Rxd6 Ne7 16. Ne5 Bxg2 17. Kxg2 Rfd8 18. Rad1 Rc7 19. Nb5 Rb7 20. R6d3 d5 21. cxd5 Nexd5 22. Kf3 a6 23. Nc3 Rc8 24. Nxd5 Nxd5 25. e4 Nb4 26. Rd8+ Rxd8 27. Rxd8+ Kh7 28. a4 f6 29. Rd7 Rb8 30. Nc4 b5 31. axb5 Rxb5 32. Nd6 Rb8 33. Rb7 Rd8 34. Rb6 a5 35. Nc4 Rd3+ 36. Kg2 Rd4 37. Kf3 Rd3+ 38. Kg2 Rd4 39. e5 Nd5 40. Ra6 fxe5 41. Nxa5 Rb4 42. Rxe6 Rb5 43. Nc4 Rxb3 44. Rxe5 Nf6 45. Re7 h5 46. Nd6 Kg6 47. h3 Rc3 48. Nf7 Ra3 49. Nd8 Nd5 50. Re5 Rd3 51. Nc6 Kh6 52. Re8 Kh7 53. Ne5 Rb3 54. Nf7 Nf6 55. Rh8+ Kg6 56. Ne5+ Kf5 57. Nf3 Ra3 58. Nh4+ Ke6 59. Ng6 Kf7 60. Nf4 Ra5 61. Rb8 Re5 62. Rb7+ Kg8 63. Ng6 Ra5 64. f4 Ra2+ 65. Kg1 Ra1+ 66. Kf2 Ra2+ 67. Ke1 Ra1+ 68. Ke2 Ra2+ 69. Kd1 Ra1+ 70. Kc2 Ra3 71. f5 Nh7 72. Rb8+ Kf7 73. Rh8 Rxg3 74. Rxh7 Rg5 75. Ne5+ Kf6 76. Nd3 Rxf5 77. Rh8 Kg5 78. Rg8 Rf7 79. Ne5 Rf5 80. Nd3 Rf7 81. Ne5 Rf5 82. Nd3 Rf7 1/2-1/2

[Event "Czech Open GM 2019"]
[Site "Pardubice"]
[Date "2019.07.25"]
[Round "7.5"]
[White "Gungl, Theo"]
[Black "Koustav Chatterjee"]
[Result "0-1"]
[WhiteElo "2306"]
[BlackElo "2430"]
[Annotator "NA RC"]
[PlyCount "142"]
[EventDate "2019.07.19"]
[EventType "swiss"]
[EventCountry "CZE"]
[SourceTitle "playchess.com"]
[Source "ChessBase"]
[SourceQuality "1"]

1. d4 Nf6 2. c4 e6 3. Nc3 Bb4 4. e3 b6 5. Nge2 c5 6. a3 Ba5 7. Rb1 Qe7 8. d5 exd5 9. cxd5 O-O 10. Nf4 Ba6 11. Bxa6 Nxa6 12. Qd3 b5 13. O-O c4 14. Qd4 Bb6 15. Qd1 b4 16. axb4 Nxb4 17. b3 cxb3 18. Qxb3 Bc5 19. Ba3 a5 20. Rfd1 Rab8 21. g3 Qe5 22. Bb2 Qf5 23. e4 Qg5 24. Qc4 Rbc8 25. Qe2 Rfe8 26. Kg2 Bd6 27. Nh3 Qg6 28. f3 Nh5 29. Qf2 Be5 30. Ne2 f5 31. Bxe5 Rxe5 32. Nhf4 Nxf4+ 33. Nxf4 Qe8 34. exf5 Rc2 35. Rd2 Nd3 36. Rxc2 Nxf2 37. Kxf2 Rxf5 38. Rb5 g5 39. Ne2 Qh5 40. f4 Qxh2+ 41. Ke3 gxf4+ 42. gxf4 Qh3+ 43. Kd2 Qa3 44. Rcc5 a4 45. Rc4 Rh5 46. Nc3 Rh2+ 47. Kd3 Qc1 48. Ke4 Qe1+ 49. Kf5 Rh5+ 50. Kg4 Qh4+ 51. Kf3 Qh3+ 52. Ke4 Qf5+ 53. Kd4 Qxf4+ 54. Kc5 Qf8+ 55. Kb6 a3 56. Kc7 Qf6 57. Rb8+ Kf7 58. Rd8 Qe5+ 59. Kc8 Rh3 60. Rxd7+ Kg6 61. Rdc7 Rd3 62. R7c6+ Kf5 63. d6 a2 64. Nxa2 Rxd6 65. Nc3 Rxc6+ 66. Rxc6 h5 67. Na4 h4 68. Rc5 h3 69. Rxe5+ Kxe5 70. Nb2 h2 71. Nd3+ Ke4 0-1

[Event "Czech Open GM 2019"]
[Site "Pardubice"]
[Date "2019.07.25"]
[Round "7.6"]
[White "Krejci, Jan"]
[Black "Dobrowolski, Piotr"]
[Result "1-0"]
[WhiteElo "2578"]
[BlackElo "2418"]
[Annotator "TA"]
[PlyCount "109"]
[EventDate "2019.07.19"]
[EventType "swiss"]
[EventCountry "CZE"]
[SourceTitle "playchess.com"]
[Source "ChessBase"]
[SourceQuality "1"]

1. c4 Nf6 2. Nc3 g6 3. d4 Bg7 4. Nf3 O-O 5. Bg5 c5 6. d5 d6 7. e3 e6 8. dxe6 Bxe6 9. Be2 h6 10. Bxf6 Bxf6 11. Qd2 Qa5 12. O-O Bxc3 13. bxc3 Rd8 14. Rab1 Qc7 15. e4 Kg7 16. Nh4 Qe7 17. g3 f6 18. f4 Bf7 19. Bd3 Nc6 20. Qc2 Qc7 21. e5 f5 22. Bxf5 gxf5 23. Nxf5+ Kh8 24. Nxd6 Rxd6 25. exd6 Qxd6 26. Rxb7 Qf6 27. Qe4 Rc8 28. Rd1 Bg6 29. Qe3 Re8 30. Qxc5 Qxc3 31. Qf2 Bc2 32. Rd6 Bd3 33. Rxh6+ Kg8 34. Rxc6 Qa1+ 35. Kg2 Be4+ 36. Kh3 Bxc6 37. Rc7 Qh8+ 38. Kg4 Qf6 39. Qc5 Qe6+ 40. Qf5 Bf3+ 41. Kg5 Qxf5+ 42. Kxf5 Re2 43. Rxa7 Rxh2 44. g4 Rc2 45. Rc7 Rxa2 46. g5 Ra6 47. Ke5 Rg6 48. c5 Kf8 49. f5 Ra6 50. Rc8+ Kf7 51. g6+ Kg7 52. Rc7+ Kf8 53. f6 Ra8 54. Rh7 Re8+ 55. Kd6 1-0

[Event "Czech Open GM 2019"]
[Site "Pardubice"]
[Date "2019.07.25"]
[Round "7.6"]
[White "Horvath, Dominik"]
[Black "Yandarbiev, Ruslan"]
[Result "1/2-1/2"]
[WhiteElo "2424"]
[BlackElo "2270"]
[Annotator "TA"]
[PlyCount "104"]
[EventDate "2019.07.19"]
[EventType "swiss"]
[EventCountry "CZE"]
[SourceTitle "playchess.com"]
[Source "ChessBase"]
[SourceQuality "1"]

1. d4 d5 2. Nf3 Nf6 3. c4 c6 4. e3 e6 5. Nc3 Nbd7 6. Qc2 Bd6 7. Bd3 O-O 8. O-O dxc4 9. Bxc4 b5 10. Be2 Bb7 11. e4 e5 12. dxe5 Nxe5 13. Nd4 Ng6 14. Nf5 Bf4 15. Rd1 Qb6 16. Ne7+ Nxe7 17. Bxf4 Ng6 18. Be3 Qa5 19. a3 Rfd8 20. f4 Rxd1+ 21. Rxd1 a6 22. Rd6 Re8 23. Qd2 Qc7 24. Bc5 h6 25. Bf3 Nh4 26. Bd1 Ng6 27. Bc2 Nf8 28. Bf2 Nd5 29. e5 Nxc3 30. Qxc3 Rd8 31. Rxd8 Qxd8 32. Bb3 Qd7 33. Qc2 c5 34. Bxc5 Qg4 35. Qd2 Ne6 36. Be3 g5 37. Bd1 Qf5 38. Bc2 Be4 39. Bxe4 Qxe4 40. fxg5 h5 41. b4 Qxe5 42. Qd3 Nf4 43. Bxf4 Qxf4 44. g6 Qc1+ 45. Kf2 Qf4+ 46. Ke1 Qxh2 47. gxf7+ Kxf7 48. Qf5+ Ke7 49. Kf2 Qh4+ 50. Kf3 Qf6 51. Ke4 Qc6+ 52. Qd5 Qc2+ 1/2-1/2

[Event "Czech Open GM 2019"]
[Site "Pardubice"]
[Date "2019.07.25"]
[Round "7.7"]
[White "Van Foreest, Jorden"]
[Black "Haba, Petr"]
[Result "1-0"]
[WhiteElo "2612"]
[BlackElo "2458"]
[Annotator "TA"]
[PlyCount "51"]
[EventDate "2019.07.19"]
[EventType "swiss"]
[EventCountry "CZE"]
[SourceTitle "playchess.com"]
[Source "ChessBase"]
[SourceQuality "1"]

1. e4 e5 2. Nf3 Nf6 3. Nxe5 d6 4. Nf3 Nxe4 5. d4 d5 6. Bd3 Bf5 7. O-O Be7 8. Nc3 O-O 9. Ne5 Nxc3 10. bxc3 Bxd3 11. cxd3 Nd7 12. Rb1 Rb8 13. Re1 f6 14. Ng4 Nb6 15. Ne3 Qd7 16. c4 dxc4 17. dxc4 c5 18. d5 f5 19. Qd3 Rbe8 20. Bb2 Nc8 21. Nf1 Bd8 22. Ng3 Nd6 23. Nh5 Rxe1+ 24. Rxe1 Re8 25. Rd1 g6 26. Qc3 1-0

[Event "Czech Open GM 2019"]
[Site "Pardubice"]
[Date "2019.07.25"]
[Round "7.7"]
[White "Cukrowski, Filip"]
[Black "Meleshko, Volodymyr"]
[Result "1-0"]
[WhiteElo "2421"]
[BlackElo "2270"]
[Annotator "NA"]
[PlyCount "98"]
[EventDate "2019.07.19"]
[EventType "swiss"]
[EventCountry "CZE"]
[SourceTitle "playchess.com"]
[Source "ChessBase"]
[SourceQuality "1"]

1. e4 c5 2. Nf3 e6 3. d4 cxd4 4. Nxd4 Nc6 5. Nc3 Qc7 6. Be2 Nf6 7. O-O a6 8. Be3 Bb4 9. Na4 b5 10. Nxc6 dxc6 11. Nb6 Rb8 12. Nxc8 Rxc8 13. a4 O-O 14. axb5 axb5 15. Bd3 Qe5 16. Qf3 Bd6 17. Qg3 Qxg3 18. hxg3 Ng4 19. Bb6 Ra8 20. Rfd1 Ne5 21. Be2 Rxa1 22. Rxa1 Rb8 23. Ra6 Kf8 24. Bd4 Rc8 25. c3 Nd7 26. b4 Be5 27. Bxe5 Nxe5 28. f4 Nd7 29. e5 f6 30. Ra7 Ke7 31. exf6+ gxf6 32. Kf2 Kd6 33. g4 h6 34. g3 Rh8 35. Ke3 Rg8 36. Bf3 Rh8 37. Ra6 Nb8 38. Ra1 f5 39. Rd1+ Ke7 40. gxf5 exf5 41. Rh1 Kf6 42. Kf2 Kf7 43. Ra1 Ke6 44. Ra7 Rf8 45. Rh7 Rf6 46. Rh8 Na6 47. Bxc6 Nc7 48. Rb8 Kd6 49. Bxb5 Kd5 1-0

[Event "Czech Open GM 2019"]
[Site "Pardubice"]
[Date "2019.07.25"]
[Round "7.8"]
[White "Martinez Alcantara, Jose Eduardo"]
[Black "Biolek, Richard Jr."]
[Result "1-0"]
[WhiteElo "2601"]
[BlackElo "2447"]
[Annotator "ChessBase"]
[PlyCount "81"]
[EventDate "2019.07.19"]
[EventType "swiss"]
[EventCountry "CZE"]
[SourceTitle "playchess.com"]
[Source "ChessBase"]
[SourceQuality "1"]

1. c4 Nf6 2. g3 g6 3. Nf3 Bg7 4. Bg2 d6 5. d4 O-O 6. O-O Nc6 7. Nc3 e5 8. dxe5 Nxe5 9. Nxe5 dxe5 10. Bg5 Qxd1 11. Rfxd1 h6 12. Be3 c6 13. Na4 Re8 14. h3 Bf8 15. Rac1 Be6 16. Nc5 Bxc5 17. Bxc5 Nd7 18. Be3 g5 19. b3 Rad8 20. Rc2 Nb6 21. Rcd2 Rxd2 22. Rxd2 Nc8 23. f4 exf4 24. gxf4 f6 25. Kf2 a6 26. h4 g4 27. Bc5 Ne7 28. e4 f5 29. e5 Ng6 30. Kg3 Nh8 31. h5 Nf7 32. a4 Bc8 33. Bb6 Re7 34. Bf1 Rd7 35. Bd3 Kf8 36. e6 Rxd3+ 37. Rxd3 Bxe6 38. Bc5+ Ke8 39. Re3 Kd7 40. a5 Nd8 41. Bf8 1-0

[Event "Czech Open GM 2019"]
[Site "Pardubice"]
[Date "2019.07.25"]
[Round "7.8"]
[White "Plischki, Sebastian"]
[Black "Jeet, Jain"]
[Result "1/2-1/2"]
[WhiteElo "2420"]
[BlackElo "2258"]
[Annotator "NA"]
[PlyCount "98"]
[EventDate "2019.07.19"]
[EventType "swiss"]
[EventCountry "CZE"]
[SourceTitle "playchess.com"]
[Source "ChessBase"]
[SourceQuality "1"]

1. Nf3 d5 2. g3 c5 3. Bg2 Nc6 4. d4 e6 5. O-O Nf6 6. c4 dxc4 7. Ne5 Bd7 8. Na3 cxd4 9. Naxc4 Be7 10. Qb3 Qc7 11. Nxc6 Bxc6 12. Bf4 Qd8 13. Bxc6+ bxc6 14. Ne5 c5 15. Qa4+ Kf8 16. e3 Qe8 17. Qxe8+ Kxe8 18. exd4 cxd4 19. Rfd1 Nd5 20. Rxd4 Bf6 21. Re4 g5 22. Be3 Nxe3 23. Rxe3 Rc8 24. Rae1 Ke7 25. Ra3 Rc7 26. Ra6 Rhc8 27. Kg2 h6 28. b3 Bxe5 29. Rxe5 Rd8 30. Rea5 Rc2 31. Rxa7+ Kf6 32. h4 Rdd2 33. hxg5+ hxg5 34. Kf3 Rxf2+ 35. Ke3 Rg2 36. Kf3 Rcf2+ 37. Kg4 Rd2 38. Rxg5 Rxa2 39. Rxa2 Rxa2 40. Rb5 Rf2 41. Kh3 e5 42. g4 Re2 43. Kg3 Kg5 44. Kf3 Re1 45. Rb8 Rf1+ 46. Kg3 e4 47. Rg8+ Kf6 48. Re8 Rf3+ 49. Kg2 Rxb3 1/2-1/2

[Event "Czech Open GM 2019"]
[Site "Pardubice"]
[Date "2019.07.25"]
[Round "7.9"]
[White "Bagi, Mate"]
[Black "Babula, Vlastimil"]
[Result "0-1"]
[WhiteElo "2459"]
[BlackElo "2550"]
[Annotator "ChessBase"]
[PlyCount "78"]
[EventDate "2019.07.19"]
[EventType "swiss"]
[EventCountry "CZE"]
[SourceTitle "playchess.com"]
[Source "ChessBase"]
[SourceQuality "1"]

1. e4 c5 2. Nf3 e6 3. d4 cxd4 4. Nxd4 a6 5. Be2 Nf6 6. Nc3 d6 7. a4 Nc6 8. Be3 Be7 9. O-O O-O 10. f4 Qc7 11. Kh1 Nxd4 12. Qxd4 Bd7 13. a5 Bc6 14. Bf3 Nd7 15. Qd2 Rfc8 16. Rfc1 b5 17. axb6 Nxb6 18. Qd3 a5 19. Ra2 Nd7 20. Rca1 Bf6 21. h3 h6 22. Ra3 Rcb8 23. R3a2 Rb4 24. Rd1 Be7 25. b3 Nc5 26. Bxc5 dxc5 27. Qe3 c4 28. Ne2 cxb3 29. cxb3 Qb7 30. Nd4 Bc5 31. Qc3 Bxd4 32. Rxd4 Rxb3 33. Qc2 a4 34. Rc4 a3 35. Rxc6 Rb2 36. Rxa3 Rxa3 37. Rc8+ Kh7 38. Qc5 Rxf3 39. gxf3 Qb3 0-1

[Event "Czech Open GM 2019"]
[Site "Pardubice"]
[Date "2019.07.25"]
[Round "7.9"]
[White "Tate, Alan"]
[Black "Salimova, Nurgyul"]
[Result "1-0"]
[WhiteElo "2283"]
[BlackElo "2416"]
[Annotator "NA"]
[PlyCount "101"]
[EventDate "2019.07.19"]
[EventType "swiss"]
[EventCountry "CZE"]
[SourceTitle "playchess.com"]
[Source "ChessBase"]
[SourceQuality "1"]

1. e4 e5 2. Nf3 Nc6 3. Bc4 Nf6 4. d3 Be7 5. O-O O-O 6. Re1 d6 7. a3 Be6 8. Nbd2 a6 9. c3 Bxc4 10. Nxc4 b5 11. Ne3 d5 12. exd5 Nxd5 13. Nf5 Bf6 14. Nd2 Bg5 15. Ne4 Bxc1 16. Rxc1 g6 17. Ne3 Nf4 18. Nc5 Qd6 19. b4 a5 20. g3 Ne6 21. Nxe6 Qxe6 22. d4 exd4 23. cxd4 Qd6 24. d5 Ne7 25. Rc5 axb4 26. axb4 f5 27. Ng2 Ra4 28. Rxb5 Rfa8 29. Nf4 g5 30. Ne6 Rxb4 31. Rxb4 Qxb4 32. Nxc7 Rd8 33. Qe2 Ng6 34. Qe6+ Kg7 35. d6 Kh6 36. Ne8 Qd2 37. Rb1 Qc2 38. Ra1 Qe4 39. Re1 Qxe6 40. Rxe6 g4 41. h4 gxh3 42. f4 Kh5 43. Kh2 Nf8 44. Re7 Kg6 45. Kxh3 h5 46. Kh4 Kh6 47. Ng7 Ra8 48. Nxf5+ Kg6 49. Nd4 Ra1 50. Kh3 Rd1 51. Ne6 1-0

[Event "Czech Open GM 2019"]
[Site "Pardubice"]
[Date "2019.07.25"]
[Round "7.10"]
[White "Plat, Vojtech"]
[Black "Nguyen, Piotr"]
[Result "1-0"]
[WhiteElo "2548"]
[BlackElo "2420"]
[Annotator "ChessBase"]
[PlyCount "117"]
[EventDate "2019.07.19"]
[EventType "swiss"]
[EventCountry "CZE"]
[SourceTitle "playchess.com"]
[Source "ChessBase"]
[SourceQuality "1"]

1. e4 e6 2. d4 d5 3. Nd2 Nf6 4. e5 Nfd7 5. Bd3 c5 6. c3 Nc6 7. Ne2 cxd4 8. cxd4 f6 9. exf6 Nxf6 10. O-O Bd6 11. Nf3 Qc7 12. Bd2 O-O 13. Ng3 Bd7 14. Rc1 Rae8 15. Re1 Qb6 16. Bc3 Bf4 17. Rc2 Nb4 18. Bxb4 Qxb4 19. Rce2 Rc8 20. Qb1 Rc7 21. Nf1 Rfc8 22. Ne3 Bb5 23. a3 Qa5 24. g3 Bh6 25. Kg2 Qa6 26. Ne5 Bxd3 27. Qxd3 Qxd3 28. Nxd3 g6 29. Nf1 Ne4 30. f3 Nd6 31. Nc5 b6 32. Nxe6 Rc2 33. f4 Kf7 34. Nd8+ Kf8 35. Rxc2 Rxc2+ 36. Kf3 Rxb2 37. Ne3 Nb5 38. Ne6+ Kf7 39. Nxd5 Bf8 40. a4 Nd6 41. Nxf8 Kxf8 42. Re7 a5 43. Rd7 Nf5 44. Rxh7 b5 45. g4 Nxd4+ 46. Ke4 Rd2 47. axb5 Nxb5 48. Ke5 a4 49. Kf6 Ke8 50. Rh8+ Kd7 51. Nb6+ Kc6 52. Nxa4 Rd6+ 53. Kg7 Nd4 54. Rc8+ Kd7 55. Rc4 Ne6+ 56. Kh6 Rd2 57. Nc5+ Nxc5 58. Rxc5 Rxh2+ 59. Kxg6 1-0